Normal view MARC view
  • Thiel, Bernardo Augusto,

Entry Nombre Personal

Number of records used in: 1

001 - NUMERO DE CONTROL

  • campo de control: 53720

003 - IDENTIFICADOR DE NUMERO DE CONTROL

  • campo de control: DLC

005 - FECHA Y HORA DE LA ÜLTIMA TRANSACCIÓN

  • campo de control: 20240925122752.0

008 - DATOS DE LONGITUD FIJA

  • campo de control de longitud fija: 240925|| aca||aabn | aaa d

010 ## - NÚMERO DE CONTROL DE LA BIBLIOTECA DEL CONGRESO

  • Número de control LC: n 99018551

035 ## - NUMERO DE CONTROL

  • Número de control: (OCoLC)oca04936622

040 ## - FUENTE DE CATALOGACIÓN

  • Agencia original de catalogación: DLC
  • Lenguaje de catalogación: spa
  • Agencia de transcripción: DLC
  • Agencia que lo modifica: DLC
  • Agencia que lo modifica: OCoLC
  • Agencia que lo modifica: MX-MxUPN

100 1# - ENCABEZAMIENTO - NOMBRE PERSONAL

  • Nombre personal: Thiel, Bernardo Augusto,
  • Fechas asociadas con el nombre: 1850-1901

670 ## - FUENTE EN LA QUE SE LOCALIZARON DATOS

  • Cita de la fuente: Autoridades LC, 25 septiembre 2024 :
  • Información localizada: (Thiel, Bernardo Augusto, 1850-1901)
  • Uniform Resource Identifier: https://lccn.loc.gov/n99018551

902 ## - CATALOGADOR

  • Catalogador: MaríaRobles/250924